000 00245nam a2200097Ia 4500
008 120527s9999 xx 000 0 und d
100 _aOLAJIRE,Abass
245 _aIntroductory to Physical Chemistry.
260 _bOGFAT Pubvlication.
942 _cBK
999 _c23486
_d23486